| 000 | 003790000a22001810004500 | ||
|---|---|---|---|
| 005 | 20120302053352.0 | ||
| 942 | _cBOOK | ||
| 100 | _a Brunton,Paul | ||
| 245 | _a Search in secret India | ||
| 250 | _a 2nd | ||
| 260 | _aMumbai:B.I.Publications,1974 | ||
| 300 | _aix,313p | ||
| 040 | _aENG | ||
| 365 | _bRs. | ||
| 650 | _aMisc | ||
| 650 | _aIndia | ||
| 650 | _aSearch-India | ||
| 999 |
_c342687 _d342684 |
||